|
|
|
|
| LEADER |
00996nam a2200301 a 4500 |
| 001 |
000003522 |
| 003 |
00634 |
| 005 |
20171229145311.0 |
| 008 |
171229s2003 vie |
| 040 |
|
|
|a LSK
|
| 041 |
0 |
|
|a VIE
|
| 082 |
0 |
|
|a 720
|b Ki-T
|
| 245 |
0 |
0 |
|a Kiến trúc và người Hà Nội
|c Phạm Cao Nguyên, Lê Văn Lân, Đào Quốc Hùng, Tôn Đại, Trần Hùng
|
| 260 |
|
|
|b Xây dựng
|c 2003
|
| 300 |
|
|
|a 204 pages
|c 24 cm.
|
| 653 |
|
|
|a Kiến trúc
|
| 852 |
|
|
|a Phòng Đọc - Phòng Mượn
|
| 901 |
|
|
|a 20
|
| 927 |
|
|
|a Sách tham khảo
|
| OWN |
|
|
|a LSK
|
| AVA |
|
|
|a UDN50
|b LSK
|d 720 Ki-T
|e check_holdings
|t Error 5003 Not defined in file expand_doc_bib_avail.
|h N
|k 1
|
| 999 |
|
|
|a From the UDN01
|
| AVA |
|
|
|a UDN50
|b LSK
|d 720 Ki-T
|e available
|t Error 5001 Not defined in file expand_doc_bib_avail.
|f 20
|g 0
|h N
|i 0
|k 1
|
| TYP |
|
|
|a Monograph
|
| TYP |
|
|
|a Printed language
|
| 980 |
|
|
|a Mạng thư viện Đại học Đà Nẵng
|